<?xml version="1.0" encoding="UTF-8"?>
<record
    xmlns:xsi="http://www.w3.org/2001/XMLSchema-instance"
    xsi:schemaLocation="http://www.loc.gov/MARC21/slim http://www.loc.gov/standards/marcxml/schema/MARC21slim.xsd"
    xmlns="http://www.loc.gov/MARC21/slim">

  <leader>03789nam a2200541 i 4500</leader>
  <controlfield tag="001">DIGEDUSTA107</controlfield>
  <controlfield tag="003">NyNyDIG</controlfield>
  <controlfield tag="006">m     o  d        </controlfield>
  <controlfield tag="008">210606s2019    ck a    ob    000 0 spa d</controlfield>
  <controlfield tag="007">cr |||||||||||</controlfield>
  <datafield tag="035" ind1=" " ind2=" ">
    <subfield code="a">(OCoLC)1256234406</subfield>
  </datafield>
  <datafield tag="040" ind1=" " ind2=" ">
    <subfield code="a">DGITA</subfield>
    <subfield code="b">eng</subfield>
    <subfield code="e">rda</subfield>
    <subfield code="e">pn</subfield>
    <subfield code="c">DGITA</subfield>
  </datafield>
  <datafield tag="020" ind1=" " ind2=" ">
    <subfield code="a">9789587821864</subfield>
    <subfield code="q">e-ISBN</subfield>
  </datafield>
  <datafield tag="020" ind1=" " ind2=" ">
    <subfield code="a">9587821866</subfield>
    <subfield code="q">e-ISBN</subfield>
  </datafield>
  <datafield tag="020" ind1=" " ind2=" ">
    <subfield code="z">9789587821857</subfield>
  </datafield>
  <datafield tag="020" ind1=" " ind2=" ">
    <subfield code="z">9587821858</subfield>
  </datafield>
  <datafield tag="043" ind1=" " ind2=" ">
    <subfield code="a">cl-----</subfield>
  </datafield>
  <datafield tag="050" ind1="1" ind2="4">
    <subfield code="a">ND202.2 ebook</subfield>
  </datafield>
  <datafield tag="082" ind1="0" ind2="4">
    <subfield code="a">759.8</subfield>
  </datafield>
  <datafield tag="245" ind1="0" ind2="0">
    <subfield code="a">Arte y hagiograf&#xED;a, siglos XVI-XX /</subfield>
    <subfield code="c">Eugenio Mart&#xED;n Torres Torres, O.P., editor.</subfield>
  </datafield>
  <datafield tag="250" ind1=" " ind2=" ">
    <subfield code="a">Primera edici&#xF3;n.</subfield>
  </datafield>
  <datafield tag="264" ind1=" " ind2="1">
    <subfield code="a">Bogot&#xE1;, D.C., Colombia :</subfield>
    <subfield code="b">Ediciones USTA,</subfield>
    <subfield code="c">[2019]</subfield>
  </datafield>
  <datafield tag="300" ind1=" " ind2=" ">
    <subfield code="a">1 online resource :</subfield>
    <subfield code="b">illustrations (some color).</subfield>
  </datafield>
  <datafield tag="336" ind1=" " ind2=" ">
    <subfield code="a">text</subfield>
    <subfield code="b">txt</subfield>
    <subfield code="2">rdacontent</subfield>
  </datafield>
  <datafield tag="336" ind1=" " ind2=" ">
    <subfield code="a">still image</subfield>
    <subfield code="b">sti</subfield>
    <subfield code="2">rdacontent</subfield>
  </datafield>
  <datafield tag="337" ind1=" " ind2=" ">
    <subfield code="a">computer</subfield>
    <subfield code="b">c</subfield>
    <subfield code="2">rdamedia</subfield>
  </datafield>
  <datafield tag="338" ind1=" " ind2=" ">
    <subfield code="a">online resource</subfield>
    <subfield code="b">cr</subfield>
    <subfield code="2">rdacarrier</subfield>
  </datafield>
  <datafield tag="347" ind1=" " ind2=" ">
    <subfield code="a">text file</subfield>
    <subfield code="2">rdaft</subfield>
  </datafield>
  <datafield tag="347" ind1=" " ind2=" ">
    <subfield code="b">EPUB</subfield>
  </datafield>
  <datafield tag="490" ind1="1" ind2=" ">
    <subfield code="a">Orden de predicadores, 800 a&#xF1;os ;</subfield>
    <subfield code="v">tomo V</subfield>
  </datafield>
  <datafield tag="504" ind1=" " ind2=" ">
    <subfield code="a">Includes bibliographical references.</subfield>
  </datafield>
  <datafield tag="505" ind1="0" ind2=" ">
    <subfield code="a">Hagiograf&#xED;a y santidad dominica en el Per&#xFA; virreinal, siglo XVII / Ren&#xE9; Millar Carvacho -- La pintura mural de los convento dominicos en la Nueva Espa&#xF1;a (1530-1590): entre el blanco y el negro de la oraci&#xF3;n y el rojo de la opulencia / Aban Flores Mor&#xE1;n -- De venerable fraile dominico a venerable an&#xF3;nimo: la formaci&#xF3;n y desarrollo de la leyenda del dominico de La Piedad, siglos XVI al XX / Mar&#xED;a Fernanda Mora Reyes -- La representaci&#xF3;n de la santa Rosa de Lima en la Nueva Espa&#xF1;a: ejemplos de las catedrales de Puebla, M&#xE9;xico y Oaxaca / Erika Gonz&#xE1;lez Le&#xF3;n -- La emblem&#xE1;tica de los siglos &#xE1;ureos en los hol&#xF3;grafos de santa Rosa de Lima / Emilio Ricardo B&#xE1;ez Rivera -- Lo antiguo y lo nuevo en el arte e iconograf&#xED;a del retablo de la Virgen del Rosario en Coixtlahuaca, Oaxaca / Magdalena Vences Vidal -- Restauraci&#xF3;n de las pinturas del siglo XVI de los templos de San Juan Bautista Coixtlahuaca y Santo Domingo Yanhuitl&#xE1;n, atribuidas al pintor sevillano Andr&#xE9;s de Concha / Yolanda Madrid Alan&#xED;s, Magdalena Casta&#xF1;eda Hern&#xE1;ndez -- Bien morir e identidad mestiza en una representaci&#xF3;n potosina de Nuestra Se&#xF1;ora del Rosario, siglo XVIII / Mariana C. Zinni --- La glorificaci&#xF3;n de Mar&#xED;a como Madre de Dios en la b&#xF3;veda del coro alto de la iglesia de monjas dominicas de Santa Rosa de Lima en Puebla / Cristina Ratto -- Constelaciones, rosas y estrellas en el serm&#xF3;n guadalupano de fray Joseph George Alfaro y Acevedo (1758) / Margarita Fern&#xE1;ndez de Urquiza -- La Virgen Mar&#xED;a de Torcoroma y la aut&#xE9;ntica informaci&#xF3;n sobre su aparici&#xF3;n y milagros (1774) / Eugenio Mart&#xED;n Torres, O.P. -- Algunas consideraciones sobre un patrimonio perdido: los exvotos pict&#xF3;ricos de la Orden de Predicadores en M&#xE9;xico / El&#xED;n Luque Agraz.</subfield>
  </datafield>
  <datafield tag="588" ind1="0" ind2=" ">
    <subfield code="a">Online resource; title from ePub title page (Digitalia, viewed June 7, 2021)</subfield>
  </datafield>
  <datafield tag="650" ind1=" " ind2="0">
    <subfield code="a">Dominican art (Order of Saint Dominic)</subfield>
    <subfield code="z">Latin America.</subfield>
  </datafield>
  <datafield tag="650" ind1=" " ind2="0">
    <subfield code="a">Christian art and symbolism</subfield>
    <subfield code="z">Latin America.</subfield>
  </datafield>
  <datafield tag="650" ind1=" " ind2="0">
    <subfield code="a">Painting, Latin American</subfield>
    <subfield code="x">History.</subfield>
  </datafield>
  <datafield tag="600" ind1="0" ind2="0">
    <subfield code="a">Mary,</subfield>
    <subfield code="c">Blessed Virgin, Saint</subfield>
    <subfield code="v">Art.</subfield>
  </datafield>
  <datafield tag="650" ind1=" " ind2="0">
    <subfield code="a">Hagiography</subfield>
    <subfield code="x">History.</subfield>
  </datafield>
  <datafield tag="655" ind1=" " ind2="0">
    <subfield code="a">Electronic books.</subfield>
  </datafield>
  <datafield tag="700" ind1="1" ind2=" ">
    <subfield code="a">Torres Torres, Eugenio Mart&#xED;n,</subfield>
    <subfield code="e">editor.</subfield>
  </datafield>
  <datafield tag="791" ind1="2" ind2=" ">
    <subfield code="a">Digitalia (Firm),</subfield>
    <subfield code="e">distributor.</subfield>
  </datafield>
  <datafield tag="793" ind1="0" ind2=" ">
    <subfield code="g">Digitalia eBook Collection:</subfield>
    <subfield code="a">Ediciones USTA</subfield>
  </datafield>
  <datafield tag="776" ind1="0" ind2="8">
    <subfield code="i">Print version:</subfield>
    <subfield code="t">Arte y hagiograf&#xED;a, siglos XVI-XX.</subfield>
    <subfield code="b">Primera edici&#xF3;n.</subfield>
    <subfield code="d">Bogot&#xE1;, D.C., Colombia : Ediciones USTA, 2019</subfield>
    <subfield code="z">9789587821857</subfield>
  </datafield>
  <datafield tag="830" ind1=" " ind2="0">
    <subfield code="a">Orden de predicadores, 800 a&#xF1;os ;</subfield>
    <subfield code="v">tomo 5.</subfield>
  </datafield>
  <datafield tag="856" ind1="4" ind2="0">
    <subfield code="3">Digitalia Hisp&#xE1;nica</subfield>
    <subfield code="u">https://www.digitaliapublishing.com/a/80552/</subfield>
  </datafield>
  <datafield tag="910" ind1=" " ind2=" ">
    <subfield code="a">Premium collection: 2021</subfield>
  </datafield>
  <datafield tag="942" ind1=" " ind2=" ">
    <subfield code="c">RAA</subfield>
  </datafield>
  <datafield tag="952" ind1=" " ind2=" ">
    <subfield code="0">0</subfield>
    <subfield code="1">0</subfield>
    <subfield code="4">0</subfield>
    <subfield code="7">0</subfield>
    <subfield code="8">DEH</subfield>
    <subfield code="a">BD-UIN</subfield>
    <subfield code="b">BD-UIN</subfield>
    <subfield code="d">2025-04-25</subfield>
    <subfield code="l">0</subfield>
    <subfield code="r">2025-04-25</subfield>
    <subfield code="w">2025-04-25</subfield>
    <subfield code="y">RAA</subfield>
  </datafield>
  <datafield tag="999" ind1=" " ind2=" ">
    <subfield code="c">264646</subfield>
    <subfield code="d">264646</subfield>
  </datafield>
</record>
